Statistics in Psychology and education (Record no. 46837)

MARC details
000 -LEADER
fixed length control field 00377nam a2200145Ia 4500
008 - FIXED-LENGTH DATA ELEMENTS--GENERAL INFORMATION
fixed length control field 230917s9999||||xx |||||||||||||| ||und||
040 ## - CATALOGING SOURCE
-- 64680
Original cataloging agency VIVEKANANDA LIBRARY
041 ## - Language
-- English
082 ## - DDC NUMBER
Classification number 519.5 G192S
100 ## - MAIN ENTRY--PERSONAL NAME
Personal name Garrett, Henry E
245 #0 - TITLE STATEMENT
Title Statistics in Psychology and education
260 ## - PUBLICATION, DISTRIBUTION, ETC. (IMPRINT)
Place of publication, distribution, etc Bombay
Name of publisher, distributor, etc Vakils, Feffer & Simons
Date of publication, distribution, etc 1981
300 ## - PHYSICAL DESCRIPTION
Pages xii, 488 p.
942 ## - ADDED ENTRY ELEMENTS (KOHA)
Koha item type Books
Holdings
Withdrawn status Lost status Damaged status Not for loan Location (home branch) Sublocation or collection (holding branch) Shelving location Date acquired Koha issues (times borrowed) Koha full call number Accession No. Koha date last seen Koha item type
        VIVEKANANDA LIBRARY VIVEKANANDA LIBRARY Psychology Department 13/01/2003   519.5 G192S 113882 17/09/2023 Books
        VIVEKANANDA LIBRARY VIVEKANANDA LIBRARY   13/01/2003   519.5 G192S 143553 17/09/2023 Books
        VIVEKANANDA LIBRARY VIVEKANANDA LIBRARY   13/01/2003   519.5 G192S 176489 17/09/2023 Books
        VIVEKANANDA LIBRARY VIVEKANANDA LIBRARY   13/01/2003   519.5 G192S 176490 17/09/2023 Books
        VIVEKANANDA LIBRARY VIVEKANANDA LIBRARY   13/01/2003   519.5 G192S 290284 17/09/2023 Books
        VIVEKANANDA LIBRARY VIVEKANANDA LIBRARY   13/01/2003   519.5 G192S BB3445 17/09/2023 Books
© Designed and Maintained by Vivekananda Library, MDU Rohtak